Endangered planet (Record no. 29570)

MARC details
000 -LEADER
fixed length control field 00514nam a2200193Ia 4500
020 ## - INTERNATIONAL STANDARD BOOK NUMBER
ISBN 9780753457768
050 ## - CALL MARK
Classification number GF 75 .B87/
100 ## - STATEMENT OF RESPONSIBILITY--MAIN AUTHOR NAME
Personal name Burnie, David
245 #0 - TITLE STATEMENT
Title Endangered planet
250 ## - EDITION / VOLUME STATEMENT
Edition / Volume statement 1st ed.
260 ## - PUBLICATION, DISTRIBUTION, ETC. (IMPRINT)
Place of publication Boston
260 ## - PUBLICATION, DISTRIBUTION, ETC. (IMPRINT)
Name of publisher Kingfisher
260 ## - PUBLICATION, DISTRIBUTION, ETC. (IMPRINT)
Year of publication 2004
300 ## - PHYSICAL DESCRIPTION
Number of Pages 63 p
650 ## - SUBJECT ADDED ENTRY--TOPICAL TERM
Topical Term Nature--Effect of human beings on. Environmental degradation. Pollution. Environmental responsibility.
942 ## - ADDED ENTRY ELEMENTS (KOHA)
Koha item type Books
Holdings
Withdrawn status Lost status Source of classification or shelving scheme Damaged status Not for loan Permanent Location Current Location Date acquired Accession Number Price effective from Koha item type
    Library of Congress Classification     NILE UNIVERSITY OF NIGERIA - MAIN LIBRARY NILE UNIVERSITY OF NIGERIA - MAIN LIBRARY 04/23/2025 0193893 04/23/2025 Books